000 00486nam a2200169Ia 4500
003 GCL
008 140319s9999 xx 000 0 eng d
040 _aGCL /
_cGCL
082 0 4 _a515
_bH C
100 1 _aHOFFMANN, LAIRENCE D.
245 1 0 _aCALCULUS FOR BUISNESS, ECONOMICES, AND THE SOCIAL AND LIFE SCIENCES /
_cHOFFMANN, LAIRENCE D.
700 1 _aBRADLEY, GERALOLL.
260 _a[S.N] :
_bMEGRAW-HILL, JNC. ،
_c1992
300 _a778 PP
650 0 4 _aCALCULUS
942 _2ddc
_cBK
999 _c24447
_d24447